Horrid henry's sleepover / (Record no. 4511)
[ view plain ]
| 000 -LEADER | |
|---|---|
| fixed length control field | 01175nam a22002897a 4500 |
| 001 - CONTROL NUMBER | |
| control field | 4511 |
| 003 - CONTROL NUMBER IDENTIFIER | |
| control field | FISKH |
| 005 - DATE AND TIME OF LATEST TRANSACTION | |
| control field | 20250120084212.0 |
| 008 - FIXED-LENGTH DATA ELEMENTS--GENERAL INFORMATION | |
| fixed length control field | 240912b cb ||||| |||| 00| 0 eng d |
| 020 ## - INTERNATIONAL STANDARD BOOK NUMBER | |
| International Standard Book Number | 9781444000030 |
| 040 ## - CATALOGING SOURCE | |
| Original cataloging agency | FISKH |
| Language of cataloging | eng |
| Transcribing agency | FISKH |
| Modifying agency | FISKH |
| 082 ## - DEWEY DECIMAL CLASSIFICATION NUMBER | |
| Edition number | 823.92 |
| 100 ## - MAIN ENTRY--PERSONAL NAME | |
| Personal name | Simon, Francesca |
| Dates associated with a name | 1955- |
| 245 ## - TITLE STATEMENT | |
| Title | Horrid henry's sleepover / |
| Statement of responsibility, etc. | Francesca Simon Illustrated by Tony Ross |
| 250 ## - EDITION STATEMENT | |
| Edition statement | This edition first published in 2014 |
| 260 ## - PUBLICATION, DISTRIBUTION, ETC. | |
| Place of publication, distribution, etc. | London : |
| Name of publisher, distributor, etc. | Orion, |
| Date of publication, distribution, etc. | 2014. |
| 300 ## - PHYSICAL DESCRIPTION | |
| Extent | 74 pages : |
| Other physical details | Color illustrations ; |
| Dimensions | 20cm |
| 505 ## - FORMATTED CONTENTS NOTE | |
| Formatted contents note | L<br/> |
| 520 ## - SUMMARY, ETC. | |
| Summary, etc. | Early Readers are stepping stones from picture books to reading books. A blue Early Reader is perfect for sharing and reading together. A red Early Reader is the next step on your reading journey. Horrid Henry is going to New Nick's house for a sleepover. Bliss! New beds to bounce on. New biscuit tins to raid. Henry can't wait. But will the evening turn out the way Henry expects? |
| 521 8# - TARGET AUDIENCE NOTE | |
| Target audience note | 521<br/> |
| Source | Lexile<br/> |
| 521 8# - TARGET AUDIENCE NOTE | |
| Target audience note | L<br/> |
| Source | Raz-Plus<br/> |
| 650 ## - SUBJECT ADDED ENTRY--TOPICAL TERM | |
| Source of heading or term | Fiction |
| Topical term or geographic name entry element | Sleepover |
| 650 ## - SUBJECT ADDED ENTRY--TOPICAL TERM | |
| Source of heading or term | Friend |
| Topical term or geographic name entry element | Home |
| 700 ## - ADDED ENTRY--PERSONAL NAME | |
| Personal name | Ross, Tony |
| Dates associated with a name | Illustrator |
| 942 ## - ADDED ENTRY ELEMENTS (KOHA) | |
| Source of classification or shelving scheme | Dewey Decimal Classification |
| Koha item type | Books |
| Suppress in OPAC | No |
| Withdrawn status | Lost status | Source of classification or shelving scheme | Damaged status | Not for loan | Collection | Home library | Current library | Shelving location | Date acquired | Total Checkouts | Full call number | Barcode | Date last seen | Price effective from | Koha item type |
|---|---|---|---|---|---|---|---|---|---|---|---|---|---|---|---|
| Dewey Decimal Classification | Juvenile Fiction | Footprints International School Library Network Toul Kork Campus | Footprints International School Library Network Toul Kork Campus | 09/12/2024 | SIM 823.92 | 2024-1931 | 09/12/2024 | 09/12/2024 | Books |
